000 00271nam a2200097Ia 4500
001 1300077
005 20260420095857.0
008 260420s9999 xx 000 0 und d
245 0 _aKİTABIMIN KURAN OLDUĞUNU BİLİYORUM
_cÖMER BALDIK
260 _bTİMAŞ ÇOCUK YAYINLARI
999 _c1300077
_d1300077